书目信息 |
| 题名: |
快乐跑者
|
|
| 作者: | 科尔纳 , 切斯 著 ;王晓刚 译 | |
| 分册: | ||
| 出版信息: | 北京 北京日报出版社 2018.1 |
|
| 页数: | 192页 | |
| 开本: | 24cm | |
| 丛书名: | ||
| 单 册: | ||
| 中图分类: | G822.4 | |
| 科图分类: | ||
| 主题词: | 越野跑--运动训练--指南 , 马拉松跑--运动训练--指南 | |
| 电子资源: | ||
| ISBN: | 978-7-5477-2817-8 | |
| 000 | 01235nam0 2200277 45 | |
| 001 | 489946 | |
| 005 | 20140817104944.0 | |
| 010 | @a978-7-5477-2817-8@dCNY46.00 | |
| 100 | @a20210326d2018 em y0chiy0110 ea | |
| 101 | 1 | @achi@ceng |
| 102 | @aCN@b110000 | |
| 105 | @ay z 000yy | |
| 106 | @ar | |
| 200 | 1 | @a快乐跑者@Akuai le pao zhe@e越野跑和超级马拉松指南@f(美)哈尔·科尔纳(Hal Konerner), 亚当·W. 切斯(Adam W. Chase)著@g王晓刚译 |
| 210 | @a北京@c北京日报出版社@d2018.1 | |
| 215 | @a192页@d24cm | |
| 330 | @a本书作者从精英跑者的视角向读者展示在越野跑赛道上能够经历到的事情,从精神层面向读者畅谈超长越野跑带给他的美好感受。主要内容包括:我为什么要跑超马,如何开始超马,如何选择超马比赛,如何训练等。作者从自己的生活经历和训练经验出发,对每个主题都进行了非常详尽的叙述。 | |
| 510 | 1 | @aHal Koerner's field guide to ultrarunning@etraining for an ultramarathon, from 50K to 100miles and beyond@zeng |
| 606 | 0 | @a越野跑@x运动训练@j指南 |
| 606 | 0 | @a马拉松跑@x运动训练@j指南 |
| 690 | @aG822.4@v5 | |
| 701 | 0 | @c(美)@a科尔纳@Ake er na@c(Konerner, Hal)@4著 |
| 701 | 0 | @c(美)@a切斯@Aqie si@c(Chase, Adam W.)@4著 |
| 702 | 0 | @a王晓刚@Awang xiao gang@4译 |
| 801 | @aCN@b江苏凤凰@c20211018 | |
| 905 | @b1355013-6@dG822.4@e196@f4 | |
| 快乐跑者:越野跑和超级马拉松指南/(美)哈尔·科尔纳(Hal Konerner), 亚当·W. 切斯(Adam W. Chase)著/王晓刚译.-北京:北京日报出版社,2018.1 |
| 192页;24cm |
| ISBN 978-7-5477-2817-8:CNY46.00 |
| 本书作者从精英跑者的视角向读者展示在越野跑赛道上能够经历到的事情,从精神层面向读者畅谈超长越野跑带给他的美好感受。主要内容包括:我为什么要跑超马,如何开始超马,如何选择超马比赛,如何训练等。作者从自己的生活经历和训练经验出发,对每个主题都进行了非常详尽的叙述。 |
| ● |
| 相关链接 |
|
|
|
|
正题名:快乐跑者
索取号:G822.4/196
 
预约/预借
| 序号 | 登录号 | 条形码 | 馆藏地/架位号 | 状态 | 备注 |
| 1 | 1355013 | 213550138 | 第一样本阅览室/ [索取号:G822.4/196] | 在馆 | |
| 2 | 1355014 | 213550147 | 第四借阅区/ [索取号:G822.4/196] | 在馆 | |
| 3 | 1355015 | 213550156 | 第四借阅区/ [索取号:G822.4/196] | 在馆 | |
| 4 | 1355016 | 213550165 | 第四借阅区/ [索取号:G822.4/196] | 在馆 |